| 000 | 01577ngm a2200265Ki 4500 | ||
|---|---|---|---|
| 001 | ocn607128838 | ||
| 003 | OCoLC | ||
| 005 | 20100817010122.0 | ||
| 007 | cr cna|||||||| | ||
| 007 | vz czazuu | ||
| 008 | 100414s2000 xx 032 vueng d | ||
| 035 | _a(OCoLC)607128838 | ||
| 040 |
_aORZ _cORZ |
||
| 049 | _aSZTA | ||
| 245 | 0 | 0 |
_aLegacies of War _h[electronic resource]. |
| 260 | _c2000. | ||
| 300 |
_a1 streaming video file (32 min.) : _bdigital, sd., col. |
||
| 500 | _afma32766 | ||
| 520 | _aFrom munitions stockpiles to psychological trauma, the effects of war linger long after conflict formally ends. This award-winning documentary examines several postwar situations around the world, highlighting ongoing efforts to repair physical, social, and personal damage. Powerful footage captures the dangers of unexploded bombs in Germany and land mines in Mozambique; the reconstruction of Guatemalan society after 36 years of civil war; the plight of refugees in Kosovo; and the difficult task many African villages face of accepting children back into the community who have fought as soldiers. Several experts also comment, including Mary Robinson, UN High Commissioner for Human Rights. A United Nations Production. (32 minutes). | ||
| 538 | _aMode of access: World Wide Web. | ||
| 538 | _aSystem requirements: Windows Media, etc. | ||
| 710 | 2 | _aFilms Media Group. | |
| 740 | 0 | _aFMG Humanities & Social Sciences Collection. | |
| 856 | 4 | 0 |
_uhttp://stats.lib.pdx.edu/proxy.php?url=http://digital.films.com/play/NB727N _zstreaming video (access restricted to PSU users) |
| 999 |
_c756 _d756 |
||